<?xml version="1.0" encoding="UTF-8"?>
<record
    xmlns:xsi="http://www.w3.org/2001/XMLSchema-instance"
    xsi:schemaLocation="http://www.loc.gov/MARC21/slim http://www.loc.gov/standards/marcxml/schema/MARC21slim.xsd"
    xmlns="http://www.loc.gov/MARC21/slim">

  <leader>01842cam a2200301 i 4500</leader>
  <controlfield tag="003">SA-RiAUC</controlfield>
  <controlfield tag="005">20240923101206.0</controlfield>
  <controlfield tag="008">240922s1937    ua     g      000 0 ara c</controlfield>
  <datafield tag="040" ind1=" " ind2=" ">
    <subfield code="a">SA-RiKSU</subfield>
    <subfield code="b">ara</subfield>
    <subfield code="c">SA-RiAUC</subfield>
    <subfield code="e">rda</subfield>
  </datafield>
  <datafield tag="082" ind1="0" ind2="4">
    <subfield code="a">227.3</subfield>
  </datafield>
  <datafield tag="090" ind1=" " ind2=" ">
    <subfield code="a">227.3</subfield>
    <subfield code="b">&#x633; &#x644; &#x64A;</subfield>
  </datafield>
  <datafield tag="100" ind1="1" ind2=" ">
    <subfield code="a">&#x633;&#x644;&#x64A;&#x645;&#x627;&#x646; &#x627;&#x644;&#x62C;&#x645;&#x644;&#x60C; &#x633;&#x644;&#x64A;&#x645;&#x627;&#x646; &#x628;&#x646; &#x639;&#x645;&#x631; &#x628;&#x646; &#x645;&#x646;&#x635;&#x648;&#x631;&#x60C;</subfield>
    <subfield code="d">&#x62A;&#x648;&#x641;&#x64A; 1204 &#x647;&#x62C;&#x631;&#x64A;</subfield>
    <subfield code="e">&#x645;&#x624;&#x644;&#x641;.</subfield>
  </datafield>
  <datafield tag="245" ind1="1" ind2="2">
    <subfield code="a">&#x627;&#x644;&#x641;&#x62A;&#x648;&#x62D;&#x627;&#x62A; &#x627;&#x644;&#x625;&#x644;&#x647;&#x64A;&#x629; &#x628;&#x62A;&#x648;&#x636;&#x64A;&#x62D; &#x62A;&#x641;&#x633;&#x64A;&#x631; &#x627;&#x644;&#x62C;&#x644;&#x627;&#x644;&#x64A;&#x646; &#x644;&#x644;&#x62F;&#x642;&#x627;&#x626;&#x642; &#x627;&#x644;&#x62E;&#x641;&#x64A;&#x629; /</subfield>
    <subfield code="c">&#x62A;&#x623;&#x644;&#x64A;&#x641; &#x633;&#x644;&#x64A;&#x645;&#x627;&#x646; &#x628;&#x646; &#x639;&#x645;&#x631; &#x627;&#x644;&#x639;&#x62C;&#x64A;&#x644;&#x64A; &#x627;&#x644;&#x634;&#x627;&#x641;&#x639;&#x64A; &#x627;&#x644;&#x634;&#x647;&#x64A;&#x631; &#x628;&#x627;&#x644;&#x62C;&#x645;&#x644;.</subfield>
  </datafield>
  <datafield tag="264" ind1=" " ind2="1">
    <subfield code="a">&#x627;&#x644;&#x642;&#x627;&#x647;&#x631;&#x629; :</subfield>
    <subfield code="b">&#x627;&#x644;&#x645;&#x643;&#x62A;&#x628;&#x629; &#x627;&#x644;&#x62A;&#x62C;&#x627;&#x631;&#x64A;&#x629; &#x627;&#x644;&#x643;&#x628;&#x631;&#x649;&#x60C;</subfield>
    <subfield code="c">{1196}</subfield>
  </datafield>
  <datafield tag="300" ind1=" " ind2=" ">
    <subfield code="a">4 &#x645;&#x62C;&#x644;&#x62F;</subfield>
  </datafield>
  <datafield tag="336" ind1=" " ind2=" ">
    <subfield code="a">&#x646;&#x635;</subfield>
    <subfield code="b">txt</subfield>
    <subfield code="2">rdacontent</subfield>
    <subfield code="3">&#x643;&#x62A;&#x627;&#x628;</subfield>
  </datafield>
  <datafield tag="337" ind1=" " ind2=" ">
    <subfield code="a">&#x628;&#x62F;&#x648;&#x646; &#x648;&#x633;&#x64A;&#x637;</subfield>
    <subfield code="b">n</subfield>
    <subfield code="2">rdamedia</subfield>
  </datafield>
  <datafield tag="338" ind1=" " ind2=" ">
    <subfield code="a">&#x645;&#x62C;&#x644;&#x62F;</subfield>
    <subfield code="b">nc</subfield>
    <subfield code="2">rdacarrier</subfield>
  </datafield>
  <datafield tag="500" ind1=" " ind2=" ">
    <subfield code="a">&#x628;&#x627;&#x644;&#x647;&#x627;&#x645;&#x634; &#x643;&#x62A;&#x627;&#x628; &#x62A;&#x641;&#x633;&#x64A;&#x631; &#x627;&#x644;&#x62C;&#x644;&#x627;&#x644;&#x64A;&#x646; / &#x644;&#x644;&#x633;&#x64A;&#x648;&#x637;&#x64A; &#x648;&#x627;&#x644;&#x645;&#x62D;&#x644;&#x64A;-&#x625;&#x645;&#x644;&#x627;&#x621; &#x645;&#x627; &#x645;&#x646; &#x628;&#x647; &#x627;&#x644;&#x631;&#x62D;&#x645;&#x646; &#x645;&#x646; &#x648;&#x62C;&#x648;&#x647; &#x627;&#x644;&#x625;&#x639;&#x631;&#x627;&#x628; &#x648;&#x627;&#x644;&#x642;&#x631;&#x627;&#x621;&#x627;&#x62A; &#x641;&#x64A; &#x62C;&#x645;&#x64A;&#x639; &#x627;&#x644;&#x642;&#x631;&#x622;&#x646; / &#x644;&#x644;&#x639;&#x643;&#x628;&#x631;&#x64A;.</subfield>
  </datafield>
  <datafield tag="630" ind1="2" ind2="7">
    <subfield code="a">&#x627;&#x644;&#x642;&#x631;&#x622;&#x646;</subfield>
    <subfield code="x">&#x62A;&#x641;&#x627;&#x633;&#x64A;&#x631; &#x645;&#x623;&#x62B;&#x648;&#x631;&#x629;</subfield>
    <subfield code="2">aucut</subfield>
  </datafield>
  <datafield tag="700" ind1="1" ind2="2">
    <subfield code="a">&#x627;&#x644;&#x62C;&#x644;&#x627;&#x644; &#x627;&#x644;&#x633;&#x64A;&#x648;&#x637;&#x64A;&#x60C; &#x639;&#x628;&#x62F; &#x627;&#x644;&#x631;&#x62D;&#x645;&#x646; &#x628;&#x646; &#x623;&#x628;&#x64A; &#x628;&#x643;&#x631; &#x628;&#x646; &#x645;&#x62D;&#x645;&#x62F;&#x60C;</subfield>
    <subfield code="d">849-911 &#x647;&#x62C;&#x631;&#x64A;.</subfield>
    <subfield code="t">&#x62A;&#x641;&#x633;&#x64A;&#x631; &#x627;&#x644;&#x62C;&#x644;&#x627;&#x644;&#x64A;&#x646;.</subfield>
  </datafield>
  <datafield tag="700" ind1="1" ind2="2">
    <subfield code="a">&#x62C;&#x644;&#x627;&#x644; &#x627;&#x644;&#x62F;&#x64A;&#x646; &#x627;&#x644;&#x645;&#x62D;&#x644;&#x64A;&#x60C; &#x645;&#x62D;&#x645;&#x62F; &#x628;&#x646; &#x623;&#x62D;&#x645;&#x62F; &#x628;&#x646; &#x645;&#x62D;&#x645;&#x62F;&#x60C;</subfield>
    <subfield code="d">791-864 &#x647;&#x62C;&#x631;&#x64A;.</subfield>
    <subfield code="t">&#x62A;&#x641;&#x633;&#x64A;&#x631; &#x627;&#x644;&#x62C;&#x644;&#x627;&#x644;&#x64A;&#x646;.</subfield>
  </datafield>
  <datafield tag="700" ind1="1" ind2="2">
    <subfield code="a">&#x627;&#x644;&#x639;&#x643;&#x628;&#x631;&#x64A;&#x60C; &#x639;&#x628;&#x62F; &#x627;&#x644;&#x644;&#x647; &#x628;&#x646; &#x627;&#x644;&#x62D;&#x633;&#x64A;&#x646; &#x628;&#x646; &#x639;&#x628;&#x62F; &#x627;&#x644;&#x644;&#x647;&#x60C;</subfield>
    <subfield code="d">538-616 &#x647;&#x62C;&#x631;&#x64A;.</subfield>
    <subfield code="t">&#x627;&#x644;&#x62A;&#x628;&#x64A;&#x627;&#x646; &#x641;&#x64A; &#x625;&#x639;&#x631;&#x627;&#x628; &#x627;&#x644;&#x642;&#x631;&#x622;&#x646;.</subfield>
  </datafield>
  <datafield tag="740" ind1="0" ind2="2">
    <subfield code="a">&#x62A;&#x641;&#x633;&#x64A;&#x631; &#x627;&#x644;&#x62C;&#x644;&#x627;&#x644;&#x64A;&#x646;. </subfield>
  </datafield>
  <datafield tag="740" ind1="0" ind2="2">
    <subfield code="a">&#x625;&#x645;&#x644;&#x627;&#x621; &#x645;&#x627; &#x645;&#x646; &#x628;&#x647; &#x627;&#x644;&#x631;&#x62D;&#x645;&#x646; &#x645;&#x646; &#x648;&#x62C;&#x648;&#x647; &#x627;&#x644;&#x625;&#x639;&#x631;&#x627;&#x628; &#x648;&#x627;&#x644;&#x642;&#x631;&#x627;&#x621;&#x627;&#x62A; &#x641;&#x64A; &#x62C;&#x645;&#x64A;&#x639; &#x627;&#x644;&#x642;&#x631;&#x622;&#x646;.</subfield>
  </datafield>
  <datafield tag="942" ind1=" " ind2=" ">
    <subfield code="2">ddc</subfield>
    <subfield code="c">RARE BOOK</subfield>
    <subfield code="n">0</subfield>
  </datafield>
  <datafield tag="949" ind1=" " ind2=" ">
    <subfield code="a">SA-JeALM</subfield>
    <subfield code="d">240922</subfield>
    <subfield code="u">mohamedma123</subfield>
    <subfield code="n">1</subfield>
  </datafield>
  <datafield tag="952" ind1=" " ind2=" ">
    <subfield code="0">0</subfield>
    <subfield code="1">0</subfield>
    <subfield code="2">ddc</subfield>
    <subfield code="3">&#x627;&#x644;&#x645;&#x62C;&#x644;&#x62F; &#x627;&#x644;&#x627;&#x648;&#x644;</subfield>
    <subfield code="4">0</subfield>
    <subfield code="7">0</subfield>
    <subfield code="a">WAHAB</subfield>
    <subfield code="b">WAHAB</subfield>
    <subfield code="d">2024-09-23</subfield>
    <subfield code="l">0</subfield>
    <subfield code="o">&#x646; 227.3 &#x633; &#x644; &#x64A;</subfield>
    <subfield code="p">000000689</subfield>
    <subfield code="r">2024-09-23 10:13:34</subfield>
    <subfield code="w">2024-09-23</subfield>
    <subfield code="y">RARE BOOK</subfield>
  </datafield>
  <datafield tag="952" ind1=" " ind2=" ">
    <subfield code="0">0</subfield>
    <subfield code="1">0</subfield>
    <subfield code="2">ddc</subfield>
    <subfield code="3">&#x627;&#x644;&#x645;&#x62C;&#x644;&#x62F; &#x627;&#x644;&#x62B;&#x627;&#x646;&#x64A;</subfield>
    <subfield code="4">0</subfield>
    <subfield code="7">0</subfield>
    <subfield code="a">WAHAB</subfield>
    <subfield code="b">WAHAB</subfield>
    <subfield code="d">2024-09-23</subfield>
    <subfield code="l">0</subfield>
    <subfield code="o">&#x646; 227.3 &#x633; &#x644; &#x64A;</subfield>
    <subfield code="p">000000690</subfield>
    <subfield code="r">2024-09-23 10:13:34</subfield>
    <subfield code="w">2024-09-23</subfield>
    <subfield code="y">RARE BOOK</subfield>
  </datafield>
  <datafield tag="952" ind1=" " ind2=" ">
    <subfield code="0">0</subfield>
    <subfield code="1">0</subfield>
    <subfield code="2">ddc</subfield>
    <subfield code="3">&#x627;&#x644;&#x645;&#x62C;&#x644;&#x62F; &#x627;&#x644;&#x62B;&#x627;&#x644;&#x62B;</subfield>
    <subfield code="4">0</subfield>
    <subfield code="7">0</subfield>
    <subfield code="a">WAHAB</subfield>
    <subfield code="b">WAHAB</subfield>
    <subfield code="d">2024-09-23</subfield>
    <subfield code="l">0</subfield>
    <subfield code="o">&#x646; 227.3 &#x633; &#x644; &#x64A;</subfield>
    <subfield code="p">000000691</subfield>
    <subfield code="r">2024-09-23 10:13:34</subfield>
    <subfield code="w">2024-09-23</subfield>
    <subfield code="y">RARE BOOK</subfield>
  </datafield>
  <datafield tag="952" ind1=" " ind2=" ">
    <subfield code="0">0</subfield>
    <subfield code="1">0</subfield>
    <subfield code="2">ddc</subfield>
    <subfield code="3">&#x627;&#x644;&#x645;&#x62C;&#x644;&#x62F; &#x627;&#x644;&#x631;&#x627;&#x628;&#x639;</subfield>
    <subfield code="4">0</subfield>
    <subfield code="7">0</subfield>
    <subfield code="a">WAHAB</subfield>
    <subfield code="b">WAHAB</subfield>
    <subfield code="d">2024-09-23</subfield>
    <subfield code="l">0</subfield>
    <subfield code="o">&#x646; 227.3 &#x633; &#x644; &#x64A;</subfield>
    <subfield code="p">000000692</subfield>
    <subfield code="r">2024-09-23 10:13:34</subfield>
    <subfield code="w">2024-09-23</subfield>
    <subfield code="y">RARE BOOK</subfield>
  </datafield>
  <datafield tag="999" ind1=" " ind2=" ">
    <subfield code="c">500</subfield>
    <subfield code="d">500</subfield>
  </datafield>
</record>
